=LDR 00000nam 2200000 4500 =001 INLIS000000000001569 =005 20230801095037 =035 ##$$a 0010-0823000017 =007 ta =008 230801################e##########0#ind## =020 ##$$a 978-602-8068-01-7 =082 ##$$a 613.943 07 =084 ##$$a 613.943 07 SIS r =100 #$$a Siswanto Agus Wilopo =245 1#$$a Rekomendasi Praktek-Terpilih untuk Penggunaan Kontrasepsi /$c Bkkbn =260 ##$$a Yogyakarta, Indonesia :$b Universitas Gajah Mada bekerja sama dengan BKKBN,$c 2007 =300 ##$$a 152 : $b ilus ; $c 22,2cm =650 #4$$a KESEHATAN REPRODUKSI =520 ##$$a Penggunaan Kontrasepsi